000 00742nam a22002177a 4500
005 20150525150607.0
008 140714b xxu||||| |||| 00| 0 Urdu d
010 _aUR-8966
020 _c250.00
035 _aU-7521
037 _bBPPD/Pub/Ven
040 _aDPL
_bUrdu
082 _a954.270
100 _aمحمد سميع ا لد ين
245 _aتا ر يخ ر ا پڑ ی ا و ر ا سکی عظمت پا ر ينہ
_cمحمد سميع ا لد ين
246 h _a‏Tareekh Rapri aur uski Azmat Parina
_bBy Mohd. Samiuddin
260 _bMaktaba Jamia Ltd.
_c2012
_aAligarh
270 _aShamshad Market
_bAligarh
_k91-7559318584
_e202002
300 _a264ص
_c22Cm (Hb)
942 _2ddc
_cUR
_e
_h954.270
_mم ح م
999 _c93919
_d93919